|
|
|
|
| LEADER |
00000cam a2200000 a 4500 |
| 001 |
vtls001079667 |
| 003 |
SK-MaSNL |
| 005 |
20260301231454.0 |
| 008 |
240226s1987 xo frnf 000 0 slo |
| 015 |
|
|
|a SNBA1989/01
|
| 020 |
|
|
|q (brožované)
|
| 035 |
|
|
|a SNK000022504
|
| 035 |
|
|
|a DD45E41D-39DF-49C2-A4F5-2AB3C9108688
|
| 035 |
|
|
|a urn:nbn:sk:snk-am00ify8
|
| 040 |
|
|
|a SNK
|b slo
|c SNK
|e AACR2
|
| 041 |
1 |
|
|a slo
|h cze
|
| 044 |
|
|
|a xo
|c SK
|
| 072 |
|
7 |
|a 338.3/.4
|x Hospodárske a výrobné odvetvia
|2 konspekt
|
| 080 |
|
|
|a 338.488
|2 2011
|
| 080 |
|
|
|a (072)
|2 2011
|
| 100 |
1 |
|
|a Huňáček, Václav,
|d 1931-2018
|4 aut
|9 623665
|
| 245 |
1 |
0 |
|a Metodika sprievodcovskej činnosti
|b učebný text pre kvalifikačné kurzy sprievodcov cestovného ruchu
|c Václav Huňáček ; Elena Zlacká
|
| 250 |
|
|
|a 2. slovenské vyd.
|
| 260 |
|
|
|a Bratislava
|b Erpo
|c 1987
|e Bratislava
|f Svornosť
|
| 300 |
|
|
|a 157 s.
|c 21 cm
|
| 366 |
|
|
|e 2000 výtl.
|
| 504 |
|
|
|a Obsahuje bibliografické odkazy
|
| 650 |
0 |
7 |
|a sprievodcovstvo
|2 SNKPH
|9 69321
|
| 650 |
0 |
7 |
|a Tour management
|2 SNKPHeng
|9 418177
|
| 655 |
|
7 |
|a metodické príručky
|2 SNKPH
|9 70250
|
| 655 |
|
7 |
|a Methodological manuals
|2 SNKPHeng
|9 270866
|
| 700 |
1 |
|
|a Zlacká, Elena
|4 trl
|9 377453
|
| 852 |
|
|
|a Slovenská národná knižnica
|
| 954 |
|
|
|a odborná, vedecká literatúra cudzojazyčná (svetová)
|2 lita
|
| 958 |
|
|
|a OND
|
| 958 |
|
|
|a NB
|
| 958 |
|
|
|a CZ
|
| 958 |
|
|
|a TL
|
| 958 |
|
|
|a OP
|
| 958 |
|
|
|a EUIPO
|
| 968 |
|
|
|a SLO
|b ČES
|
| 999 |
|
|
|c 958521
|d 960451
|
| 952 |
|
|
|a SNK
|b SNK
|y VYP
|7 0
|p 17A0015935
|o snkSC 73235 D1
|0 0
|1 0
|4 0
|d 1996-10-30
|l 0
|r 2004-12-31 00:00:00
|w 2026-02-24
|
| 952 |
|
|
|a SNK
|b SNK
|y PREZ
|7 0
|p 17A0930084
|o snkSC 73235
|i snkKSP 11220/88
|0 0
|1 0
|4 0
|d 2012-09-23
|f 1
|l 0
|r 2025-07-29 00:00:00
|w 2026-02-24
|